000 00347nam a2200133Ia 4500
008 240624s9999 xx 000 0 und d
041 _aeng
082 _a330.1 PYK
100 _aPYKA ANDREAS
245 _aRECENT ADVANCES IN NEO SCHUMPETERIAN ECO
260 _c2009
_aUK
_bEdward Elgar
300 _aviii, : 253 : p. : cm. ; 23
365 _cBPS
_b38
999 _c28363
_d28363